[Event "ESP-ch U18 Rapid"]
[Site "Salobrena"]
[Date "2022.08.07"]
[Round "5"]
[White "Ruiz Buendia, Miguel"]
[Black "Garcia Prada, Guillermo"]
[Result "1-0"]
[WhiteElo "1758"]
[BlackElo "1405"]
[PlyCount "33"]
[EventDate "2022.08.06"]
[EventType "swiss (rapid)"]
[EventRounds "9"]
[EventCountry "ESP"]
[SourceTitle "EXT 2023"]
[Source "ChessBase"]
[SourceDate "2022.10.05"]
[SourceVersion "1"]
[SourceVersionDate "2022.10.05"]
[SourceQuality "1"]

1. e4 c5 2. Nf3 d6 3. Nc3 Nf6 4. e5 dxe5 5. Nxe5 Nbd7 6. Bb5 a6 7. Nxd7 Bxd7 8. Bxd7+ Qxd7 9. 0-0 g6 10. Re1 Bg7 11. d3 0-0 12. Qf3 b5 13. Bf4 e6 14. Re5 Nd5 15. Nxd5 Bxe5 16. Bxe5 Qxd5 17. Qf6 1-0

[Event "Collado Villalba op 38th"]
[Site "Collado Villalba"]
[Date "2021.08.29"]
[Round "9"]
[White "Garcia Prada, Guillermo"]
[Black "Pena Hernandez, Francisco Javier"]
[Result "0-1"]
[WhiteElo "1834"]
[BlackElo "1691"]
[PlyCount "66"]
[EventDate "2021.08.21"]
[EventType "swiss"]
[EventRounds "9"]
[EventCountry "ESP"]
[SourceTitle "EXT 2022"]
[Source "ChessBase"]
[SourceDate "2021.10.06"]
[SourceVersion "1"]
[SourceVersionDate "2021.10.06"]
[SourceQuality "1"]

1. e4 c5 2. d4 cxd4 3. c3 dxc3 4. Nxc3 e6 5. Bc4 Nc6 6. Nf3 Bb4 7. 0-0 a6 8. Qe2 b5 9. Bb3 Nge7 10. Bg5 Qc7 11. Rac1 Qb8 12. Nd5 Nxd5 13. exd5 Ne7 14. Qe4 Bd6 15. dxe6 dxe6 16. Rfd1 Bb7 17. Qd3 Nd5 18. a4 0-0 19. Bc2 g6 20. Bh6 Bf4 21. Bxf8 Bxc1 22. Ba3 Bh6 23. axb5 Nf4 24. Qb3 Bd5 25. Qb4 Nh3+ 26. gxh3 Bxf3 27. b6 Bf4 28. Rd8+ Qxd8 29. Qxf4 Bb7 30. Be4 Qxb6 31. Bxb7 Qxb7 32. Bd6 Rd8 33. f3 Qb6+ 0-1

[Event "Collado Villalba op 38th"]
[Site "Collado Villalba"]
[Date "2021.08.25"]
[Round "5"]
[White "Garcia Prada, Guillermo"]
[Black "Ruiz Grau, David"]
[Result "1-0"]
[WhiteElo "1834"]
[BlackElo "1358"]
[PlyCount "83"]
[EventDate "2021.08.21"]
[EventType "swiss"]
[EventRounds "9"]
[EventCountry "ESP"]
[SourceTitle "CBM 204 Extra"]
[Source "ChessBase"]
[SourceDate "2021.11.30"]
[SourceVersion "1"]
[SourceVersionDate "2021.11.30"]
[SourceQuality "1"]

1. e4 c5 2. d4 cxd4 3. c3 dxc3 4. Nxc3 Nc6 5. Bc4 e6 6. Nf3 a6 7. Qe2 b5 8. Bb3 d6 9. 0-0 Ra7 10. Rd1 Rd7 11. Bf4 Bb7 12. Rac1 Na5 13. Bc2 Nf6 14. e5 Bxf3 15. Qxf3 dxe5 16. Bxe5 Be7 17. Rxd7 Nxd7 18. Bxg7 Rg8 19. Bh6 Bg5 20. Bxg5 Qxg5 21. Rd1 Nc4 22. Qb7 Nce5 23. Be4 Ke7 24. Bc6 Rd8 25. Ne4 Qg4 26. Rf1 Nxc6 27. Qxc6 f5 28. Qd6+ Ke8 29. Qxe6+ Kf8 30. Qd6+ Ke8 31. Qe6+ Kf8 32. Nd6 Qg6 33. Qxf5+ Nf6 34. Qxg6 hxg6 35. Nb7 Rd2 36. Rb1 Ng4 37. Nc5 Nxf2 38. Rf1 Kg7 39. Rxf2 Rd1+ 40. Rf1 Rd2 41. Rb1 a5 42. Nb3 1-0

[Event "Madrid-ch U14"]
[Site "Madrid"]
[Date "2021.04.25"]
[Round "5"]
[White "Serrano Ruiz, Miguel"]
[Black "Garcia Prada, Guillermo"]
[Result "0-1"]
[WhiteElo "1702"]
[BlackElo "1767"]
[PlyCount "118"]
[EventDate "2021.04.17"]
[EventType "swiss"]
[EventRounds "5"]
[EventCountry "ESP"]
[SourceTitle "EXT 2023"]
[Source "ChessBase"]
[SourceDate "2022.10.05"]
[SourceVersion "1"]
[SourceVersionDate "2022.10.05"]
[SourceQuality "1"]

1. e4 c5 2. c3 Nf6 3. e5 Nd5 4. d4 cxd4 5. Qxd4 e6 6. Nf3 Nc6 7. Qe4 f5 8. Qe2 b5 9. g3 a5 10. Nbd2 Be7 11. Bg2 Ba6 12. 0-0 0-0 13. Rd1 Qc7 14. Nf1 b4 15. c4 Bc5 16. Qc2 Nb6 17. b3 a4 18. Be3 Bxe3 19. Nxe3 Rac8 20. c5 Nxe5 21. cxb6 Nxf3+ 22. Bxf3 Qxc2 23. Nxc2 Rxc2 24. Rxd7 Rb8 25. b7 a3 26. Rad1 Bxb7 27. Bxb7 Rxa2 28. Rd8+ Rxd8 29. Rxd8+ Kf7 30. Ra8 Rb2 31. Ra6 Rxb3 32. Bc8 Rb1+ 33. Kg2 Re1 34. Bd7 b3 35. Rxa3 b2 36. Rb3 b1Q 37. Rxb1 Rxb1 38. h4 Kf6 39. Kf3 Rb3+ 40. Ke2 h6 41. Ba4 Ra3 42. Bb5 Ke5 43. Bc4 Kd6 44. Bd3 g6 45. Bb1 Ke5 46. Bd3 Kd4 47. Bb5 e5 48. Kf1 e4 49. Be8 Ra6 50. Kg2 Ke5 51. Bb5 Rb6 52. Be8 Kd4 53. h5 g5 54. Bg6 Ke5 55. Be8 f4 56. g4 e3 57. fxe3 fxe3 58. Kf3 Kd4 59. Ba4 Kd3 0-1

[Event "Collado Villalba 64 op 7th"]
[Site "Collado Villalba"]
[Date "2019.07.31"]
[Round "3"]
[White "Aznar Gonzalez, Monica"]
[Black "Garcia Prada, Guillermo"]
[Result "0-1"]
[WhiteElo "1154"]
[BlackElo "1706"]
[PlyCount "68"]
[EventDate "2019.07.29"]
[EventType "swiss"]
[EventRounds "9"]
[EventCountry "ESP"]
[SourceTitle "CBM 195 Extra"]
[Source "ChessBase"]
[SourceDate "2020.05.31"]
[SourceVersion "1"]
[SourceVersionDate "2020.05.31"]
[SourceQuality "1"]

1. e4 c5 2. Nf3 d6 3. d3 g6 4. g3 Bg7 5. Bg2 Nf6 6. 0-0 0-0 7. Nbd2 Nc6 8. c3 d5 9. Re1 Bg4 10. h3 Bxf3 11. Qxf3 Ne5 12. Qe2 dxe4 13. Bxe4 Nxe4 14. Qxe4 Nxd3 15. Re2 Bh6 16. Nb3 Nxc1 17. Nxc1 Qd1+ 18. Kg2 b6 19. Nb3 Qd7 20. Rae1 e6 21. c4 Rad8 22. f4 Bg7 23. Rd2 Qc7 24. Ree2 Rd7 25. Rxd7 Qxd7 26. Rd2 Qc7 27. Nc1 Rd8 28. Rxd8+ Qxd8 29. Nd3 Bxb2 30. Nxb2 Qd2+ 31. Kf3 Qxb2 32. Qa8+ Kg7 33. Qxa7 Qc3+ 34. Kg4 h5+ 0-1

[Event "Collado Villalba 64 op 7th"]
[Site "Collado Villalba"]
[Date "2019.07.30"]
[Round "2"]
[White "Garcia Prada, Guillermo"]
[Black "Olmedo Alvarez, Marcos"]
[Result "1-0"]
[WhiteElo "1706"]
[BlackElo "1357"]
[PlyCount "61"]
[EventDate "2019.07.29"]
[EventType "swiss"]
[EventRounds "9"]
[EventCountry "ESP"]
[SourceTitle "CBM 195 Extra"]
[Source "ChessBase"]
[SourceDate "2020.05.31"]
[SourceVersion "1"]
[SourceVersionDate "2020.05.31"]
[SourceQuality "1"]

1. e4 c5 2. d4 cxd4 3. c3 dxc3 4. Nxc3 Nc6 5. Nf3 e6 6. Bc4 a6 7. Qe2 b5 8. Bb3 Bb7 9. 0-0 Nge7 10. Bg5 f6 11. Be3 Na5 12. Rfd1 Nxb3 13. axb3 Ng6 14. Nd4 Qc8 15. Rac1 Ne7 16. Ncxb5 Nc6 17. Nxc6 Bxc6 18. Nd4 Qb7 19. Nxc6 dxc6 20. Qc4 Qc8 21. Qxc6+ Qxc6 22. Rxc6 Kf7 23. Rd7+ Kg6 24. Rxe6 Bb4 25. f4 Rad8 26. f5+ Kh5 27. Rxg7 Rd1+ 28. Kf2 h6 29. Rxf6 Be1+ 30. Ke2 Bh4 31. g4# 1-0

[Event "Madrid-ch U12"]
[Site "Madrid"]
[Date "2019.03.31"]
[Round "3"]
[White "Fernandez Rosado, Roberto"]
[Black "Garcia Prada, Guillermo"]
[Result "1-0"]
[WhiteElo "1757"]
[BlackElo "1719"]
[PlyCount "80"]
[EventDate "2019.03.30"]
[EventType "swiss"]
[EventRounds "6"]
[EventCountry "ESP"]
[SourceTitle "EXT 2021"]
[Source "ChessBase"]
[SourceDate "2020.10.23"]
[SourceVersion "1"]
[SourceVersionDate "2020.10.23"]
[SourceQuality "1"]

1. e4 c5 2. Nf3 Nc6 3. d4 cxd4 4. Nxd4 g6 5. c4 Bg7 6. Be3 Nh6 7. Be2 f5 8. Bxh6 Bxh6 9. exf5 gxf5 10. Bh5+ Kf8 11. 0-0 e6 12. Nc3 Nxd4 13. Qxd4 Bg7 14. Qd3 Qg5 15. Bf3 h5 16. Nb5 Be5 17. Rfe1 Bb8 18. Nd6 Bxd6 19. Qxd6+ Qe7 20. c5 Qxd6 21. cxd6 Kf7 22. Rac1 Kf6 23. Rc7 Rb8 24. Rec1 e5 25. Bd5 e4 26. Bb3 a6 27. Rd1 Rd8 28. g3 b5 29. Rd5 Bb7 30. Rdc5 Rdc8 31. Rxb7 Rxc5 32. Rxb8 Rc6 33. Rh8 Rxd6 34. Rh6+ Ke5 35. Rxd6 Kxd6 36. Bd1 Ke5 37. Bxh5 d5 38. Kf1 d4 39. Be8 d3 40. Ke1 Kd4 1-0

[Event "Madrid-ch U12"]
[Site "Madrid"]
[Date "2019.03.30"]
[Round "2"]
[White "Garcia Prada, Guillermo"]
[Black "Plamenova Radkova, Valentina"]
[Result "1-0"]
[WhiteElo "1719"]
[BlackElo "1198"]
[PlyCount "59"]
[EventDate "2019.03.30"]
[EventType "swiss"]
[EventRounds "6"]
[EventCountry "ESP"]
[SourceTitle "EXT 2021"]
[Source "ChessBase"]
[SourceDate "2020.10.23"]
[SourceVersion "1"]
[SourceVersionDate "2020.10.23"]
[SourceQuality "1"]

1. e4 c5 2. d4 cxd4 3. c3 dxc3 4. Nxc3 d6 5. Nf3 Nf6 6. Bc4 e6 7. 0-0 Be7 8. Qe2 e5 9. Rd1 0-0 10. Nxe5 Qc7 11. Nf3 Bg4 12. Bb3 Nc6 13. Bf4 Ne5 14. Bxe5 dxe5 15. Rac1 Qc6 16. Nd5 Qa6 17. Nxe7+ Kh8 18. Qxa6 bxa6 19. Nc6 Bxf3 20. gxf3 Nh5 21. Nxe5 Nf4 22. Rd2 Nh3+ 23. Kh1 f6 24. Nf7+ Kg8 25. Ng5+ Kh8 26. Nxh3 Rad8 27. Rxd8 Rxd8 28. Nf4 g6 29. Rc7 Ra8 30. Nd5 1-0

[Event "Madrid-ch U12"]
[Site "Madrid"]
[Date "2018.04.21"]
[Round "6"]
[White "Serrano Ruiz, Miguel"]
[Black "Garcia Prada, Guillermo"]
[Result "0-1"]
[WhiteElo "1460"]
[BlackElo "1516"]
[PlyCount "48"]
[EventDate "2018.04.14"]
[EventType "swiss"]
[EventRounds "6"]
[EventCountry "ESP"]
[SourceTitle "EXT 2019"]
[Source "ChessBase"]
[SourceDate "2018.10.10"]
[SourceVersion "1"]
[SourceVersionDate "2018.10.10"]
[SourceQuality "1"]

1. e4 c5 2. d4 e6 3. Nf3 d5 4. Bb5+ Nc6 5. exd5 exd5 6. Nc3 a6 7. Bxc6+ bxc6 8. 0-0 Bd6 9. Re1+ Ne7 10. Be3 c4 11. Qd2 0-0 12. Bf4 Bb4 13. a3 Ba5 14. b4 Bc7 15. Bxc7 Qxc7 16. Na4 Bg4 17. Ne5 Bf5 18. h3 f6 19. Nf3 Ng6 20. Nc5 Qc8 21. Re3 Nf4 22. Kh2 Bxh3 23. gxh3 Qxh3+ 24. Kg1 Qg2# 0-1

[Event "Madrid San Viator op-B 29th"]
[Site "Madrid"]
[Date "2017.11.12"]
[Round "9"]
[White "Garcia Prada, Guillermo"]
[Black "Fernandez Garcia, Emilio"]
[Result "1-0"]
[WhiteElo "1375"]
[BlackElo "1579"]
[PlyCount "99"]
[EventDate "2017.09.17"]
[EventType "swiss"]
[EventRounds "9"]
[EventCountry "ESP"]
[SourceTitle "EXT 2019"]
[Source "ChessBase"]
[SourceDate "2018.10.10"]
[SourceVersion "1"]
[SourceVersionDate "2018.10.10"]
[SourceQuality "1"]

1. e4 g6 2. Nf3 Bg7 3. Bc4 d6 4. 0-0 Nf6 5. Re1 Nc6 6. c3 e6 7. d4 Nxe4 8. d5 exd5 9. Qxd5 0-0 10. Qxe4 Bf5 11. Qh4 Qd7 12. Bh6 d5 13. Bb5 a6 14. Bxc6 Qxc6 15. Bxg7 Kxg7 16. Nd4 Rfe8 17. Nxf5+ gxf5 18. Rxe8 Rxe8 19. Nd2 Re2 20. Qg5+ Kh8 21. Nf3 Qb6 22. Rf1 Rxb2 23. Qxf5 Qe6 24. Qxe6 fxe6 25. Ng5 Re2 26. f3 Kg7 27. Rb1 h6 28. Nh3 b5 29. a3 Kf6 30. Nf4 Re3 31. Rc1 c6 32. Kf2 Re5 33. Re1 Rxe1 34. Kxe1 e5 35. Nd3 d4 36. cxd4 exd4 37. Kd2 a5 38. g4 Kg5 39. h3 Kh4 40. f4 b4 41. axb4 a4 42. Kc2 Kg3 43. f5 Kf3 44. f6 a3 45. Kb3 Ke3 46. Nc5 d3 47. Nxd3 Kxd3 48. f7 a2 49. Kxa2 Kc3 50. f8Q 1-0

[Event "Madrid San Viator op-B 29th"]
[Site "Madrid"]
[Date "2017.10.08"]
[Round "4"]
[White "Rendo Quindos, Pedro"]
[Black "Garcia Prada, Guillermo"]
[Result "1-0"]
[WhiteElo "1550"]
[BlackElo "1375"]
[PlyCount "63"]
[EventDate "2017.09.17"]
[EventType "swiss"]
[EventRounds "9"]
[EventCountry "ESP"]
[SourceTitle "EXT 2019"]
[Source "ChessBase"]
[SourceDate "2018.10.10"]
[SourceVersion "1"]
[SourceVersionDate "2018.10.10"]
[SourceQuality "1"]

1. e4 c5 2. b3 e6 3. Bb2 d5 4. Bb5+ Nc6 5. exd5 exd5 6. Nf3 Bd6 7. Bxg7 Nge7 8. Bxh8 Ng6 9. Bb2 Nf4 10. 0-0 Bg4 11. Qe1+ Kd7 12. Ne5+ Kc7 13. Bxc6 bxc6 14. Nxg4 Qg5 15. Be5 Qxg4 16. Bxf4 Bxf4 17. Qe7+ Kb6 18. f3 Qf5 19. g3 Rg8 20. Nc3 Qh3 21. Na4+ Ka6 22. Qe2+ c4 23. Qg2 Qh5 24. g4 Qh6 25. Rad1 f5 26. h3 Qh4 27. Nc5+ Kb5 28. Ne6 Bb8 29. bxc4+ dxc4 30. Rb1+ Ka5 31. d3 h5 32. Qd2+ 1-0

[Event "Collado Villalba op-B 34th"]
[Site "Collado Villalba"]
[Date "2017.08.30"]
[Round "9"]
[White "Garcia Prada, Guillermo"]
[Black "Cebrian Alfaya, Jorge"]
[Result "1/2-1/2"]
[WhiteElo "1375"]
[BlackElo "1527"]
[PlyCount "175"]
[EventDate "2017.08.22"]
[EventType "swiss"]
[EventRounds "9"]
[EventCountry "ESP"]
[SourceTitle "CBM 180 Extra"]
[Source "ChessBase"]
[SourceDate "2017.10.06"]
[SourceVersion "1"]
[SourceVersionDate "2017.10.06"]
[SourceQuality "1"]

1. e4 e6 2. d4 d5 3. exd5 exd5 4. Bd3 Bd6 5. Nf3 Ne7 6. 0-0 0-0 7. Re1 Re8 8. Nc3 c6 9. Bg5 f6 10. Bh4 Nf5 11. Rxe8+ Qxe8 12. Bg3 Nxg3 13. hxg3 Bg4 14. Qe1 Qc8 15. Qe2 Nd7 16. Re1 Nf8 17. Nd1 Ne6 18. c3 Ng5 19. Ne3 Nxf3+ 20. gxf3 Bd7 21. Qc2 h6 22. Ng2 g5 23. Bg6 Qf8 24. Ne3 Qe7 25. Ng2 Qf8 26. Ne3 Qe7 27. Kg2 Rf8 28. Rh1 Kg7 29. Re1 Qd8 30. Bh5 f5 31. g4 Qf6 32. gxf5 Bxf5 33. Nxf5+ Qxf5 34. Qxf5 Rxf5 35. Re6 Rf6 36. Rxf6 Kxf6 37. b3 Ba3 38. Kf1 Bb2 39. Ke2 Bxc3 40. Kd3 Ba5 41. a3 Bc7 42. Be8 Ke7 43. Bh5 Bd6 44. a4 b6 45. Bg4 c5 46. Bf5 h5 47. Bh3 Bh2 48. dxc5 bxc5 49. Kd2 Kf6 50. Kd3 Ke5 51. Ke3 d4+ 52. Ke2 Kd5 53. Kd3 a5 54. Bf5 Bg1 55. Ke2 c4 56. bxc4+ Kxc4 57. Kf1 Bh2 58. Ke2 h4 59. Bd3+ Kb3 60. Bb5 Bf4 61. Bd7 Kc3 62. Bf5 h3 63. Bxh3 d3+ 64. Kd1 d2 65. Bf5 Bd6 66. Bd7 Bb4 67. Be6 Kd4 68. Bf5 Ke5 69. Bg4 Kd4 70. Bf5 Kc3 71. Be6 Bc5 72. Bf5 Bxf2 73. Be4 Be1 74. Bf5 Kd4 75. Be4 g4 76. Bc6 g3 77. f4 Kc5 78. Bf3 Kd6 79. Ke2 Ke6 80. Bg4+ Kf6 81. Kf1 Bf2 82. Kg2 Kg6 83. Bd1 Kf5 84. Kf3 Be1 85. Be2 Kf6 86. Bd1 Ke6 87. Bb3+ Kf5 88. Bc2+ 1/2-1/2

[Event "ESP-ch U10"]
[Site "Salobrena Granada"]
[Date "2017.07.05"]
[Round "5"]
[White "Garcia Prada, Guillermo"]
[Black "Rubial Blanco, Heriberto"]
[Result "1-0"]
[WhiteElo "1401"]
[BlackElo "1201"]
[PlyCount "72"]
[EventDate "2017.07.03"]
[EventType "swiss"]
[EventRounds "9"]
[EventCountry "ESP"]
[SourceTitle "EXT 2024"]
[Source "ChessBase"]
[SourceDate "2023.10.10"]
[SourceVersion "1"]
[SourceVersionDate "2023.10.10"]
[SourceQuality "1"]

1. e4 e5 2. Nf3 Nc6 3. d4 exd4 4. c3 d5 5. exd5 Qxd5 6. cxd4 Bg4 7. Nc3 Qd7 8. Be3 Bb4 9. Be2 Nf6 10. 0-0 Bxc3 11. bxc3 0-0 12. Rb1 b6 13. Re1 Rad8 14. Bg5 Qd6 15. Bxf6 Qxf6 16. Qa4 Bf5 17. Rb5 Bd7 18. Rg5 Rfe8 19. Qc2 Re7 20. Rb1 h6 21. Rg3 Bf5 22. Bd3 Bxd3 23. Qxd3 Qe6 24. Qc2 Rde8 25. h3 Qe4 26. Qc1 Re6 27. Rb3 Rg6 28. Rxg6 fxg6 29. Qf1 Na5 30. Ne5 Kh7 31. Rb2 Nc6 32. Re2 Qd5 33. f4 Na5 34. Qb1 Nc6 35. Qxg6+ Kg8 36. Qxe8+ Kh7 1-0